Children, mental health, and the law
| Otros Autores: | ; |
|---|---|
| Tipo de documento: | Print Libro |
| Lenguaje: | Inglés |
| Publicado: |
Beverly Hills, Calif.
SAGE
1984
|
| En: | Año: 1984 |
| Acceso en línea: |
Publisher description Table of contents |
| Disponibilidad en Tübingen: | Disponible en Tübingen. UB: KB 16 A 678 |
| Verificar disponibilidad: | HBZ Gateway |
| Servicio de pedido Subito: | Pedir ahora. |
| Palabras clave: |
MARC
| LEADER | 00000cam a2200000 c 4500 | ||
|---|---|---|---|
| 001 | 022156348 | ||
| 003 | DE-627 | ||
| 005 | 20251219205405.0 | ||
| 007 | tu | ||
| 008 | 850326s1984 xxu||||| 00| ||eng c | ||
| 016 | 7 | |a b8502140 |2 UK | |
| 020 | |a 0803928130 |9 0-8039-2813-0 | ||
| 020 | |a 0803921837 |9 0-8039-2183-7 | ||
| 020 | |a 0803921845 |9 0-8039-2184-5 | ||
| 020 | |z 0803921845 | ||
| 020 | |z 0803928137 | ||
| 035 | |a (DE-627)022156348 | ||
| 035 | |a (DE-576)020408986 | ||
| 035 | |a (DE-599)GBV022156348 | ||
| 035 | |a (OCoLC)10185389 | ||
| 035 | |a (OCoLC)10185389 | ||
| 035 | |a (DE-604)8002010127 | ||
| 040 | |a DE-627 |b ger |c DE-627 |e rakwb | ||
| 041 | |a eng | ||
| 044 | |c XD-US | ||
| 050 | 0 | |a KF479.A75 | |
| 050 | 0 | |a KF479 | |
| 060 | 0 | |a W1 SA125TC v. 4 | |
| 060 | 0 | |a WS 105.5.M3 M549 | |
| 082 | 0 | |a 346.7301/35 |q OCLC | |
| 082 | 0 | |a 347.304135 | |
| 082 | 0 | |a 347.3061'35 | |
| 082 | 0 | |a 346.730135 | |
| 245 | 0 | 0 | |a Children, mental health, and the law |c ed. by N. Dickon Reppucci ... |
| 264 | 1 | |a Beverly Hills, Calif. |b SAGE |c 1984 | |
| 300 | |a 312 S. | ||
| 336 | |a Text |b txt |2 rdacontent | ||
| 337 | |a ohne Hilfsmittel zu benutzen |b n |2 rdamedia | ||
| 338 | |a Band |b nc |2 rdacarrier | ||
| 490 | 0 | |a SAGE annual reviews of community mental health |v 4 | |
| 500 | |a Includes bibliographies | ||
| 583 | 1 | |a Archivierung prüfen |c 20200919 |f DE-640 |z 1 |2 pdager | |
| 583 | 1 | |a Archivierung prüfen |c 20240324 |f DE-4165 |z 2 |2 pdager | |
| 650 | 0 | |a Children |x Legal status, laws, etc |x United States | |
| 650 | 0 | |a Mental health laws |x United States | |
| 650 | 4 | |a United States. Mentally ill children. Law | |
| 655 | 7 | |a Aufsatzsammlung |0 (DE-588)4143413-4 |0 (DE-627)105605727 |0 (DE-576)209726091 |2 gnd-content | |
| 689 | 0 | 0 | |d g |0 (DE-588)4078704-7 |0 (DE-627)106076612 |0 (DE-576)209209682 |a USA |2 gnd |
| 689 | 0 | 1 | |d s |0 (DE-588)4030550-8 |0 (DE-627)104360100 |0 (DE-576)208988165 |a Kind |2 gnd |
| 689 | 0 | 2 | |d s |0 (DE-588)4136585-9 |0 (DE-627)104180625 |0 (DE-576)209670444 |a Gesundheitsfürsorge |2 gnd |
| 689 | 0 | |5 (DE-627) | |
| 700 | 1 | |a Reppucci, N. Dickon |4 oth | |
| 700 | 1 | |a Repucci, N. D. |e Hrsg. |0 (DE-627)1236504798 |0 (DE-576)166504793 |4 edt | |
| 856 | 4 | 2 | |u http://www.loc.gov/catdir/enhancements/fy0654/83021116-d.html |x Verlag |y Publisher description |7 1 |
| 856 | 4 | 2 | |u http://www.loc.gov/catdir/enhancements/fy0654/83021116-t.html |x Verlag |y Table of contents |7 1 |
| 935 | |i Blocktest | ||
| 951 | |a BO | ||
| ELC | |b 1 | ||
| LOK | |0 000 xxxxxcx a22 zn 4500 | ||
| LOK | |0 001 3338141947 | ||
| LOK | |0 003 DE-627 | ||
| LOK | |0 004 022156348 | ||
| LOK | |0 005 20020606000000 | ||
| LOK | |0 008 900510||||||||||||||||ger||||||| | ||
| LOK | |0 040 |a DE-21 |c DE-627 |d DE-21 | ||
| LOK | |0 852 |a DE-21 | ||
| LOK | |0 852 1 |c KB 16 A 678 |9 00 | ||
| LOK | |0 935 |a krim | ||
| LOK | |0 936ln |a k8.6.1 | ||
| LOK | |0 939 |a 10-05-90 |b l01 | ||
| ORI | |a SA-MARC-krimdoka001.raw | ||
| SIG | |a UB: KB 16 A 678 | ||
